00354nam a2200145Ia 4500008004100000020001500041041001200056082001600068100001700084245004800101250000800149260003500157300000800192650000800200221030s9999 xx 000 0 und d a8178084562 aEnglish a105.23bPal aJ. C. Palais 0aFiber Optic Communicaitonscby J. C. Palais a4th bPearson EducationaDelhic2001 a342 aECE